Score 0/50 Timer 10:00
5 Plays Today
# of Mentions Character % Correct
406Cersei Lannister
93.5%
160Arya Stark
93.1%
202Tyrion Lannister
92.8%
116Jon Snow
92.1%
252Sansa Stark
92%
432Jaime Lannister
91.7%
168Tywin Lannister
85.3%
142Petyr Baelish
82.2%
332Brienne of Tarth
81.2%
200Samwell Tarly
80.8%
62Eddard Stark
79%
64Joffrey Baratheon
77.7%
248Tommen Baratheon
77.3%
42Catelyn Stark
76.8%
102Robert Baratheon
76.7%
80Robert Arryn
76.7%
124Stannis Baratheon
75%
162Margaery Tyrell
70.5%
74Myrcella Baratheon
69.5%
98Loras Tyrell
67.6%
100Asha Greyjoy
65.7%
76Doran Martell
65.5%
76Gregor Clegane
63.7%
90Master Aemon Targaryen
63.3%
82Gilly
62.1%
# of Mentions Character % Correct
114Euron Greyjoy
61.6%
88Arianne Martell
60.9%
110Podrick Payne
60.7%
100Victarion Greyjoy
59.9%
90Grand Master Pycelle
59.6%
70Lysa Arryn
59.1%
68Mace Tyrell
58.7%
72Kevan Lannister
57%
76Renly Baratheon
56.1%
82Aeron Greyjoy
55.1%
74Arys Oakhart
51.1%
76Lancel Lannister
49.5%
118Maester Qyburn
48.4%
98Osmund Kettleblack
41.4%
48Aerys Targaryen
40%
48Osney Kettleblack
36%
76Taena Merriweather
35.6%
62Ilyn Payne
33.3%
56Pate
32.1%
68Hyle Hunt
31.9%
62Dareon
30.9%
72Nimble Dick Crabb
30.4%
36Boros Blount
29.4%
46Aurane Waters
28.2%
68Gyles Rosby
25.6%
Remove Ads.
Support Sporcle.
Get the best of Sporcle when you Go Orange. This ad-free experience offers more features, more stats, and more fun while also helping to support Sporcle. Thank you for becoming a member.

You're not logged in!

Compare scores with friends on all Sporcle quizzes.
OR
Log In

Show Comments

Extras

Top Quizzes Today


Score Distribution

Your Account Isn't Verified!

In order to create a playlist on Sporcle, you need to verify the email address you used during registration. Go to your Sporcle Settings to finish the process.

Report this User

Report this user for behavior that violates our Community Guidelines.

Details: